[Event "Madrid Alcorcon op 1st"]
[Site "Madrid"]
[Date "2022.12.26"]
[Round "2"]
[White "Ramirez Ocana, Eneas"]
[Black "Centeno Mendoza, Julio Stefano"]
[Result "1/2-1/2"]
[WhiteElo "1695"]
[BlackElo "2099"]
[PlyCount "159"]
[EventDate "2022.12.26"]
[EventType "swiss"]
[EventRounds "9"]
[EventCountry "ESP"]
[SourceTitle "CBM 212 Extra"]
[Source "ChessBase"]
[SourceDate "2023.03.31"]
[SourceVersion "1"]
[SourceVersionDate "2023.03.31"]
[SourceQuality "1"]

1. e4 e5 2. Nf3 Nc6 3. Bb5 a6 4. Ba4 Nf6 5. 0-0 Be7 6. Re1 b5 7. Bb3 0-0 8. a4 b4 9. d4 d6 10. h3 Nxd4 11. Nxd4 exd4 12. Qxd4 c5 13. Qd3 Bb7 14. c3 Re8 15. Nd2 Bf8 16. Bc2 g6 17. f3 d5 18. cxb4 dxe4 19. Qxd8 Raxd8 20. Nxe4 Nxe4 21. fxe4 cxb4 22. Bg5 Be7 23. Bf4 Bc5+ 24. Kh2 Bd4 25. Rab1 Be5 26. Bxe5 Rxe5 27. Re2 Rde8 28. Rd1 Bxe4 29. Bxe4 Rxe4 30. Rxe4 Rxe4 31. Rd6 Re6 32. Rd4 Rb6 33. Rd5 Kg7 34. a5 Rc6 35. Rd4 Rc5 36. Rxb4 Rxa5 37. Rb6 h5 38. b4 Ra3 39. b5 axb5 40. Rxb5 h4 41. Rc5 Ra2 42. Rb5 Kh6 43. Rb6 Kg5 44. Rb5+ f5 45. Rc5 Ra1 46. Rb5 Rf1 47. Ra5 Kh6 48. Ra4 f4 49. Ra3 Kh5 50. Ra5+ Kh6 51. Ra3 Re1 52. Ra4 Kg5 53. Ra5+ Kf6 54. Ra6+ Kf5 55. Ra5+ Re5 56. Ra8 g5 57. Kg1 Re2 58. Ra5+ Kg6 59. Ra6+ Kh5 60. Kf1 Rd2 61. Kg1 Rc2 62. Rb6 Rc3 63. Rf6 Rc7 64. Ra6 Rg7 65. Ra5 Rg6 66. Rb5 Re6 67. Kf2 Kg6 68. Rb8 Kf5 69. Rf8+ Ke4 70. Ra8 Re5 71. Ra4+ Kf5 72. Ra8 Rd5 73. Ra4 Rd2+ 74. Kg1 Rd3 75. Ra5+ Kf6 76. Kf2 Rg3 77. Ra6+ Ke5 78. Ra5+ Kd6 79. Rf5 Ke6 80. Rf8 1/2-1/2

[Event "Mem op Francisco Codes 12th"]
[Site "Madrid"]
[Date "2018.05.06"]
[Round "4.15"]
[White "Ramirez Ocana, Eneas"]
[Black "Osuna Osuna, Francisco"]
[Result "0-1"]
[WhiteElo "1518"]
[BlackElo "1569"]
[PlyCount "58"]
[EventDate "2018.04.08"]
[EventType "swiss"]
[EventRounds "9"]
[EventCountry "ESP"]
[SourceTitle "EXT 2024"]
[Source "ChessBase"]
[SourceDate "2023.10.10"]
[SourceVersion "1"]
[SourceVersionDate "2023.10.10"]
[SourceQuality "1"]

1. e4 d5 2. exd5 Nf6 3. d4 Bg4 4. Be2 Bxe2 5. Qxe2 Qxd5 6. Nf3 Nc6 7. c3 0-0-0 8. Bf4 e6 9. Nbd2 Qf5 10. Bg3 Be7 11. a3 Nd5 12. 0-0 h5 13. Qe4 Qxe4 14. Nxe4 h4 15. Be5 f6 16. c4 fxe5 17. cxd5 exd5 18. Neg5 Bxg5 19. Nxg5 Rdf8 20. Ne6 Rf6 21. Nxg7 Nxd4 22. Rad1 c5 23. Rfe1 e4 24. b4 b6 25. bxc5 bxc5 26. Rc1 Rc6 27. Kf1 Kd7 28. Red1 Rh7 29. Ne8 Re7 0-1

[Event "Madrid San Viator op-B 29th"]
[Site "Madrid"]
[Date "2017.11.01"]
[Round "7"]
[White "Ramirez Ocana, Eneas"]
[Black "Lavado Pena, David"]
[Result "1-0"]
[WhiteElo "1385"]
[BlackElo "1153"]
[PlyCount "67"]
[EventDate "2017.09.17"]
[EventType "swiss"]
[EventRounds "9"]
[EventCountry "ESP"]
[SourceTitle "EXT 2019"]
[Source "ChessBase"]
[SourceDate "2018.10.10"]
[SourceVersion "1"]
[SourceVersionDate "2018.10.10"]
[SourceQuality "1"]

1. e4 c5 2. Nf3 Nc6 3. d4 cxd4 4. Nxd4 e6 5. Nc3 Bb4 6. f3 Qa5 7. Ndb5 a6 8. Nd6+ Ke7 9. Nxc8+ Rxc8 10. Bd2 Nd4 11. Bd3 Nf6 12. 0-0 d5 13. a3 Bxc3 14. Bxc3 Qb6 15. Kh1 dxe4 16. fxe4 h5 17. Qd2 h4 18. h3 Nh5 19. Rf2 Ng3+ 20. Kg1 Nde2+ 21. Bxe2 Nxe4 22. Qf4 f5 23. Bd3 Qxf2+ 24. Qxf2 Nxf2 25. Kxf2 Rhg8 26. Re1 Kf7 27. Be5 Rc5 28. b3 g5 29. Bc4 b5 30. Bd6 bxc4 31. Bxc5 Rc8 32. b4 a5 33. Ke2 c3 34. Kd3 1-0

[Event "Collado Villalba op-B 34th"]
[Site "Collado Villalba"]
[Date "2017.08.22"]
[Round "1"]
[White "Ramirez Ocana, Eneas"]
[Black "Marivela Santos, Juan Carlos"]
[Result "0-1"]
[WhiteElo "1385"]
[BlackElo "1716"]
[PlyCount "102"]
[EventDate "2017.08.22"]
[EventType "swiss"]
[EventRounds "9"]
[EventCountry "ESP"]
[SourceTitle "CBM 180 Extra"]
[Source "ChessBase"]
[SourceDate "2017.10.06"]
[SourceVersion "1"]
[SourceVersionDate "2017.10.06"]
[SourceQuality "1"]

1. e4 c6 2. d4 d5 3. e5 Bf5 4. Nc3 e6 5. g4 Bg6 6. Nge2 Bb4 7. Bd2 Ne7 8. h4 h5 9. Nf4 hxg4 10. Nxg6 Nxg6 11. Qxg4 Rxh4 12. Rxh4 Qxh4 13. Qxh4 Nxh4 14. 0-0-0 Nf5 15. Be1 Nd7 16. Bh3 Ne7 17. a3 Bxc3 18. Bxc3 0-0-0 19. Bb4 Ng6 20. Rg1 Nf4 21. Bf1 g6 22. Rh1 Nh5 23. Be2 Rh8 24. Bxh5 Rxh5 25. Rxh5 gxh5 26. Kd1 Kd8 27. Ke2 f6 28. f4 Ke8 29. Kf3 Kf7 30. b3 Kg6 31. Be1 Kf5 32. Bh4 fxe5 33. fxe5 Nf8 34. c4 Ng6 35. Bf2 Nf4 36. Bg3 Nh3 37. Be1 Ng5+ 38. Ke3 Kg4 39. Kf2 h4 40. Kg2 h3+ 41. Kh1 Nf3 42. Bc3 Kf4 43. cxd5 cxd5 44. b4 Ke4 45. b5 Nxd4 46. Bxd4 Kxd4 47. Kh2 Kxe5 48. Kxh3 Ke4 49. Kg2 d4 50. Kf1 Kd3 51. Ke1 Kc2 0-1